| 000 | 00403nam a2200133Ia 4500 | ||
|---|---|---|---|
| 005 | 20260326235505.0 | ||
| 008 | 260326s9999||||xx |||||||||||||| ||und|| | ||
| 100 | _aTod, Ian | ||
| 245 | 0 |
_aUtopias : _b The perfect society Visualized by the World's greatest utopian writers, painters, poets and Architects / _cIan Tod |
|
| 260 | _bHarmony Books | ||
| 300 | _a160 p. | ||
| 650 | _aARQUITECTURA | ||
| 942 | _cBK | ||
| 999 |
_c8147 _d8147 |
||